[Event "BLR-ch 1st Stage Men 2020"]
[Site "Minsk"]
[Date "2020.02.01"]
[Round "3.5"]
[White "Tsaruk, Maksim"]
[Black "Elkin, Leonid"]
[Result "1-0"]
[WhiteElo "2316"]
[BlackElo "2031"]
[Annotator "NA"]
[PlyCount "187"]
[EventDate "2020.02.01"]
[EventType "swiss"]
[EventCountry "BLR"]
[SourceTitle "playchess.com"]
[Source "ChessBase"]
[SourceQuality "1"]
[TimeControl "40/5400+30:1800+30"]

1. e4 {[%emt 0:00:00]} e6 {[%emt 0:00:00]} 2. d4 {[%emt 0:00:00]} d5 {[%emt 0:00:00]} 3. Nd2 {[%emt 0:00:00]} c5 {[%emt 0:00:00]} 4. Ngf3 {[%emt 0:01:43]} Nc6 {[%emt 0:00:00]} 5. exd5 {[%emt 0:00:06]} exd5 {[%emt 0:02:49]} 6. Bb5 {[%emt 0:00:05]} Bd6 {[%emt 0:00:18]} 7. dxc5 {[%emt 0:00:09]} Bxc5 {[%emt 0:00:06]} 8. O-O {[%emt 0:00:06]} Nge7 {[%emt 0:00:03]} 9. Nb3 {[%emt 0:00:40]} Bd6 {[%emt 0:00:09]} 10. c3 {[%emt 0:01:36]} O-O {[%emt 0:00:06]} 11. Bd3 {[%emt 0:00:17]} Ng6 {[%emt 0:04:17]} 12. Bg5 {[%emt 0:01:09]} Qc7 {[%emt 0:06:22]} 13. Bxg6 {[%emt 0:05:24]} hxg6 {[%emt 0:00:05]} 14. Qxd5 {[%emt 0:00:15]} Bg4 {[%emt 0:03:15]} 15. Rad1 {[%emt 0:05:37]} Bf4 {[%emt 0:05:53]} 16. Qc4 {[%emt 0:03:39]} Bxg5 {[%emt 0:03:55]} 17. Qxg4 {[%emt 0:00:13]} Bf6 {[%emt 0:00:06]} 18. Rd2 {[%emt 0:25:56]} a5 {[%emt 0:06:40]} 19. a4 {[%emt 0:02:31]} Rfe8 {[%emt 0:00:58]} 20. Rfd1 {[%emt 0:02:56]} Qb6 {[%emt 0:10:54]} 21. Qc4 {[%emt 0:00:28]} Rad8 {[%emt 0:14:48]} 22. Qb5 {[%emt 0:01:55]} Rxd2 {[%emt 0:00:37]} 23. Rxd2 {[%emt 0:12:29]} Qc7 {[%emt 0:00:05]} 24. g3 {[%emt 0:02:50]} Re7 {[%emt 0:02:39]} 25. Kg2 {[%emt 0:00:14]} b6 {[%emt 0:03:16]} 26. Re2 {[%emt 0:03:47]} Rxe2 {[%emt 0:04:42]} 27. Qxe2 {[%emt 0:01:18]} Ne5 {[%emt 0:00:07]} 28. Nxe5 {[%emt 0:02:02]} Bxe5 {[%emt 0:00:05]} 29. Qe4 {[%emt 0:00:08]} Bf6 {[%emt 0:00:29]} 30. Qd5 {[%emt 0:00:13]} Qc8 {[%emt 0:02:08]} 31. Nd2 {[%emt 0:00:17]} Qg4 {[%emt 0:00:57]} 32. Ne4 {[%emt 0:11:25]} Qe2 {[%emt 0:03:56]} 33. b3 {[%emt 0:02:26]} Qc2 {[%emt 0:02:32]} 34. h4 {[%emt 0:00:07]} Be7 {[%emt 0:04:09]} 35. Kf3 {[%emt 0:05:35]} Bf6 {[%emt 0:04:48]} 36. Qb5 {[%emt 0:04:19]} Be7 {[%emt 0:10:48]} 37. Qd5 {[%emt 0:05:46]} Bf6 {[%emt 0:00:22]} 38. Kg2 {[%emt 0:00:27]} Be7 {[%emt 0:01:44]} 39. Qe5 {[%emt 0:00:06]} Bf8 {[%emt 0:00:40]} 40. b4 {[%emt 0:00:00]} axb4 {[%emt 0:00:00]} 41. cxb4 {[%emt 0:01:15]} Bxb4 {[%emt 0:07:31]} 42. Qe8+ {[%emt 0:00:46]} Bf8 {[%emt 0:03:22]} 43. Nd6 {[%emt 0:00:40]} Qb3 {[%emt 0:00:26]} 44. Nc8 {[%emt 0:00:05]} Qd5+ {[%emt 0:02:07]} 45. Kg1 {[%emt 0:02:46]} Qc5 {[%emt 0:00:06]} 46. Qd8 {[%emt 0:00:33]} Kh7 {[%emt 0:00:22]} 47. Nxb6 {[%emt 0:00:30]} Be7 {[%emt 0:00:11]} 48. Qe8 {[%emt 0:02:43]} Bd6 {[%emt 0:05:09]} 49. Nd7 {[%emt 0:06:22]} Qd5 {[%emt 0:00:21]} 50. Nf8+ {[%emt 0:00:39]} Bxf8 {[%emt 0:02:55]} 51. Qxf8 {[%emt 0:00:21]} Qd1+ {[%emt 0:00:24]} 52. Kh2 {[%emt 0:00:05]} Qxa4 {[%emt 0:00:44]} 53. Qxf7 {[%emt 0:00:05]} Qe4 {[%emt 0:00:48]} 54. Qf4 {[%emt 0:01:53]} Qd3 {[%emt 0:00:35]} 55. Qe3 {[%emt 0:00:16]} Qc2 {[%emt 0:00:14]} 56. Kg2 {[%emt 0:00:14]} Qc6+ {[%emt 0:00:28]} 57. Qf3 {[%emt 0:00:10]} Qc2 {[%emt 0:00:18]} 58. Qd5 {[%emt 0:00:28]} Kh8 {[%emt 0:01:18]} 59. Kf3 {[%emt 0:00:52]} Qc3+ {[%emt 0:00:30]} 60. Kg4 {[%emt 0:00:34]} Qc2 {[%emt 0:00:23]} 61. Kf3 {[%emt 0:05:28]} Qc3+ {[%emt 0:00:20]} 62. Ke2 {[%emt 0:00:31]} Qc2+ {[%emt 0:00:18]} 63. Ke3 {[%emt 0:00:21]} Qc1+ {[%emt 0:00:32]} 64. Qd2 {[%emt 0:00:05]} Qc5+ {[%emt 0:00:24]} 65. Qd4 {[%emt 0:00:03]} Qc1+ {[%emt 0:00:05]} 66. Kf3 {[%emt 0:00:08]} Kh7 {[%emt 0:00:18]} 67. Qd3 {[%emt 0:00:17]} Qc6+ {[%emt 0:02:34]} 68. Qe4 {[%emt 0:00:15]} Qf6+ {[%emt 0:00:06]} 69. Kg2 {[%emt 0:00:10]} Kg8 {[%emt 0:00:19]} 70. f3 {[%emt 0:00:36]} Qb6 {[%emt 0:00:24]} 71. Kh3 {[%emt 0:00:16]} Kf7 {[%emt 0:00:43]} 72. Qd5+ {[%emt 0:00:08]} Kf8 {[%emt 0:00:08]} 73. Kg4 {[%emt 0:00:08]} Qf6 {[%emt 0:00:42]} 74. Qa8+ {[%emt 0:00:25]} Kf7 {[%emt 0:00:08]} 75. Qa2+ {[%emt 0:00:02]} Kf8 {[%emt 0:00:07]} 76. Qd5 {[%emt 0:00:04]} Qb2 {[%emt 0:00:20]} 77. Qe6 {[%emt 0:00:22]} Qd4+ {[%emt 0:03:19]} 78. Kg5 {[%emt 0:01:34]} Qf2 {[%emt 0:00:50]} 79. Qc8+ {[%emt 0:00:33]} Kf7 {[%emt 0:00:04]} 80. Qc4+ {[%emt 0:00:06]} Kf8 {[%emt 0:00:09]} 81. Qf4+ {[%emt 0:00:05]} Kg8 {[%emt 0:00:30]} 82. Kxg6 {[%emt 0:00:07]} Qb6+ {[%emt 0:00:20]} 83. Kg5 {[%emt 0:01:01]} Qd8+ {[%emt 0:01:16]} 84. Kg4 {[%emt 0:00:13]} Qc8+ {[%emt 0:00:21]} 85. Qf5 {[%emt 0:00:16]} Qc4+ {[%emt 0:00:05]} 86. Kg5 {[%emt 0:00:42]} Qc1+ {[%emt 0:01:22]} 87. Kh5 {[%emt 0:02:02]} Kh8 {[%emt 0:00:31]} 88. Qe6 {[%emt 0:03:00]} Qc7 {[%emt 0:01:27]} 89. f4 {[%emt 0:04:57]} Qc2 {[%emt 0:01:05]} 90. f5 {[%emt 0:00:38]} Qd1+ {[%emt 0:01:11]} 91. g4 {[%emt 0:00:08]} Qd2 {[%emt 0:00:27]} 92. Kg6 {[%emt 0:01:16]} Qh6+ {[%emt 0:01:15]} 93. Kf7 {[%emt 0:00:05]} Qg6+ {[%emt 0:00:36]} 94. Kf8 {[%emt 0:00:07]} 1-0

[Event "BLR-ch 1st Stage Men 2020"]
[Site "Minsk"]
[Date "2020.02.01"]
[Round "3.6"]
[White "Leinov, Roman"]
[Black "Maiorov, Nikita"]
[Result "1/2-1/2"]
[WhiteElo "2168"]
[BlackElo "2519"]
[Annotator "RC"]
[PlyCount "62"]
[EventDate "2020.02.01"]
[EventType "swiss"]
[EventCountry "BLR"]
[SourceTitle "playchess.com"]
[Source "ChessBase"]
[SourceQuality "1"]
[TimeControl "40/5400+30:1800+30"]

1. d4 {[%emt 0:00:00]} Nf6 {[%emt 0:07:09]} 2. c4 {[%emt 0:00:00]} e6 {[%emt 0:00:14]} 3. g3 {[%emt 0:00:00]} d5 {[%emt 0:00:21]} 4. Nf3 {[%emt 0:00:25]} Be7 {[%emt 0:00:28]} 5. Bg2 {[%emt 0:00:53]} O-O {[%emt 0:00:16]} 6. O-O {[%emt 0:00:36]} b6 {[%emt 0:00:12]} 7. cxd5 {[%emt 0:00:49]} exd5 {[%emt 0:00:15]} 8. Nc3 {[%emt 0:00:30]} Bb7 {[%emt 0:00:05]} 9. b3 {[%emt 0:00:39]} Ne4 {[%emt 0:04:38]} 10. Bb2 {[%emt 0:01:35]} Nxc3 {[%emt 0:03:25]} 11. Bxc3 {[%emt 0:00:12]} Nd7 {[%emt 0:00:04]} 12. Qc2 {[%emt 0:06:09]} Bd6 {[%emt 0:02:37]} 13. Ne5 {[%emt 0:08:53]} Nf6 {[%emt 0:02:14]} 14. Bb2 {[%emt 0:01:27]} Qe8 {[%emt 0:01:37]} 15. Rac1 {[%emt 0:02:30]} c6 {[%emt 0:01:00]} 16. Bh3 {[%emt 0:07:56]} c5 {[%emt 0:03:14]} 17. Ng4 {[%emt 0:08:01]} Nxg4 {[%emt 0:17:38]} 18. Bxg4 {[%emt 0:00:28]} Qe7 {[%emt 0:00:43]} 19. Rfd1 {[%emt 0:05:15]} Rfd8 {[%emt 0:07:24]} 20. dxc5 {[%emt 0:06:53]} Bxc5 {[%emt 0:05:19]} 21. Bd4 {[%emt 0:06:42]} Bd6 {[%emt 0:04:01]} 22. Qc3 {[%emt 0:04:14]} Qg5 {[%emt 0:01:54]} 23. Bf3 {[%emt 0:04:06]} Ba3 {[%emt 0:02:39]} 24. Rc2 {[%emt 0:07:42]} Qg6 {[%emt 0:06:25]} 25. Qd3 {[%emt 0:00:55]} Rac8 {[%emt 0:00:26]} 26. Rxc8 {[%emt 0:00:38]} Rxc8 {[%emt 0:00:08]} 27. Be3 {[%emt 0:04:18]} Kf8 {[%emt 0:19:31]} 28. Qxg6 {[%emt 0:05:46]} hxg6 {[%emt 0:00:06]} 29. Bf4 {[%emt 0:00:30]} Rc2 {[%emt 0:03:19]} 30. Rd2 {[%emt 0:00:36]} Rxd2 {[%emt 0:00:47]} 31. Bxd2 {[%emt 0:00:02]} Ke7 {[%emt 0:00:37]} 1/2-1/2

[Event "BLR-ch 1st Stage Men 2020"]
[Site "Minsk"]
[Date "2020.02.01"]
[Round "3.7"]
[White "Vashchilov, Sergey"]
[Black "Lazavik, Denis"]
[Result "1/2-1/2"]
[WhiteElo "2148"]
[BlackElo "2411"]
[Annotator "NA"]
[PlyCount "61"]
[EventDate "2020.02.01"]
[EventType "swiss"]
[EventCountry "BLR"]
[SourceTitle "playchess.com"]
[Source "ChessBase"]
[SourceQuality "1"]
[TimeControl "40/5400+30:1800+30"]

1. e4 {[%emt 0:01:19]} e5 {[%emt 0:00:13]} 2. Nf3 {[%emt 0:00:30]} Nf6 {[%emt 0:00:53]} 3. Nxe5 {[%emt 0:03:25]} d6 {[%emt 0:00:24]} 4. Nf3 {[%emt 0:00:17]} Nxe4 {[%emt 0:00:14]} 5. Nc3 {[%emt 0:01:01]} Nxc3 {[%emt 0:00:38]} 6. dxc3 {[%emt 0:00:05]} Be7 {[%emt 0:00:52]} 7. Bf4 {[%emt 0:02:02]} Nc6 {[%emt 0:06:19]} 8. Qd2 {[%emt 0:01:52]} Be6 {[%emt 0:03:55]} 9. Bd3 {[%emt 0:03:06]} Qd7 {[%emt 0:12:32]} 10. O-O-O {[%emt 0:02:22]} a6 {[%emt 0:11:36]} 11. a3 {[%emt 0:07:11]} O-O-O {[%emt 0:08:34]} 12. h3 {[%emt 0:02:51]} Bf6 {[%emt 0:03:22]} 13. Bg5 {[%emt 0:05:13]} Bxg5 {[%emt 0:04:22]} 14. Qxg5 {[%emt 0:01:30]} f6 {[%emt 0:00:30]} 15. Qf4 {[%emt 0:00:58]} Kb8 {[%emt 0:07:25]} 16. Rhe1 {[%emt 0:04:16]} Ne5 {[%emt 0:03:31]} 17. Nd4 {[%emt 0:00:45]} Nxd3+ {[%emt 0:01:28]} 18. Rxd3 {[%emt 0:00:41]} Bf7 {[%emt 0:00:39]} 19. Rde3 {[%emt 0:04:10]} Rhe8 {[%emt 0:01:38]} 20. Nf5 {[%emt 0:08:52]} Rxe3 {[%emt 0:01:28]} 21. Rxe3 {[%emt 0:00:25]} Bg6 {[%emt 0:00:33]} 22. Ne7 {[%emt 0:06:59]} Re8 {[%emt 0:02:21]} 23. Nxg6 {[%emt 0:00:47]} hxg6 {[%emt 0:01:14]} 24. Qg4 {[%emt 0:03:25]} Qf7 {[%emt 0:00:55]} 25. Qe2 {[%emt 0:00:51]} Rxe3 {[%emt 0:00:14]} 26. Qxe3 {[%emt 0:00:15]} g5 {[%emt 0:00:34]} 27. b3 {[%emt 0:01:25]} Qd5 {[%emt 0:01:32]} 28. Qe8+ {[%emt 0:01:44]} Ka7 {[%emt 0:00:38]} 29. Qe3+ {[%emt 0:00:17]} Kb8 {[%emt 0:00:27]} 30. Qe8+ {[%emt 0:00:12]} Ka7 {[%emt 0:00:05]} 31. Qe3+ {[%emt 0:00:15]} 1/2-1/2

[Event "BLR-ch 1st Stage Men 2020"]
[Site "Minsk"]
[Date "2020.02.01"]
[Round "4.1"]
[White "Zarubitski, Viachaslau"]
[Black "Tsaruk, Maksim"]
[Result "1/2-1/2"]
[WhiteElo "2451"]
[BlackElo "2316"]
[Annotator "ChessBase"]
[PlyCount "61"]
[EventDate "2020.02.01"]
[EventType "swiss"]
[EventCountry "BLR"]
[SourceTitle "playchess.com"]
[Source "ChessBase"]
[SourceQuality "1"]
[TimeControl "40/5400+30:1800+30"]

1. d4 {[%emt 0:00:00]} d5 {[%emt 0:00:00]} 2. Nf3 {[%emt 0:00:09]} Nf6 {[%emt 0:00:00]} 3. g3 {[%emt 0:00:04]} c5 {[%emt 0:04:22]} 4. c3 {[%emt 0:01:14]} e6 {[%emt 0:06:09]} 5. Bg2 {[%emt 0:00:05]} Bd6 {[%emt 0:00:33]} 6. O-O {[%emt 0:00:22]} O-O {[%emt 0:00:05]} 7. Bg5 {[%emt 0:01:31]} h6 {[%emt 0:01:29]} 8. Bxf6 {[%emt 0:00:55]} Qxf6 {[%emt 0:00:07]} 9. Nbd2 {[%emt 0:01:55]} cxd4 {[%emt 0:04:42]} 10. Nxd4 {[%emt 0:03:32]} Nc6 {[%emt 0:00:38]} 11. Ne4 {[%emt 0:12:05]} dxe4 {[%emt 0:20:49]} 12. Nxc6 {[%emt 0:00:05]} Bc5 {[%emt 0:03:37]} 13. Nd4 {[%emt 0:05:50]} Qg6 {[%emt 0:01:37]} 14. a4 {[%emt 0:25:12]} f5 {[%emt 0:03:07]} 15. a5 {[%emt 0:08:00]} Kh7 {[%emt 0:12:59]} 16. b4 {[%emt 0:18:06]} Be7 {[%emt 0:00:19]} 17. a6 {[%emt 0:00:47]} bxa6 {[%emt 0:13:17]} 18. Nc6 {[%emt 0:01:16]} Qe8 {[%emt 0:04:20]} 19. Nxe7 {[%emt 0:00:20]} Qxe7 {[%emt 0:00:05]} 20. f3 {[%emt 0:06:09]} exf3 {[%emt 0:00:05]} 21. Bxf3 {[%emt 0:00:13]} Bb7 {[%emt 0:00:05]} 22. Bxb7 {[%emt 0:01:44]} Qxb7 {[%emt 0:00:05]} 23. Qd3 {[%emt 0:01:19]} Rac8 {[%emt 0:08:18]} 24. Qxa6 {[%emt 0:00:38]} Qe4 {[%emt 0:02:19]} 25. Ra3 {[%emt 0:05:11]} Rxc3 {[%emt 0:03:39]} 26. Rxc3 {[%emt 0:00:02]} Qd4+ {[%emt 0:00:07]} 27. Kg2 {[%emt 0:00:52]} Qxc3 {[%emt 0:00:14]} 28. Qxe6 {[%emt 0:00:03]} Qxb4 {[%emt 0:03:23]} 29. Rxf5 {[%emt 0:00:11]} a5 {[%emt 0:03:17]} 30. Rxf8 {[%emt 0:00:41]} Qxf8 {[%emt 0:00:05]} 31. Qd5 {[%emt 0:01:20]} 1/2-1/2

[Event "BLR-ch 1st Stage Men 2020"]
[Site "Minsk"]
[Date "2020.02.01"]
[Round "4.2"]
[White "Pogosian, Manvel"]
[Black "Yezhel, Valiantsin"]
[Result "1/2-1/2"]
[WhiteElo "2383"]
[BlackElo "2187"]
[Annotator "NA"]
[PlyCount "128"]
[EventDate "2020.02.01"]
[EventType "swiss"]
[EventCountry "BLR"]
[SourceTitle "playchess.com"]
[Source "ChessBase"]
[SourceQuality "1"]
[TimeControl "40/5400+30:1800+30"]

1. d4 {[%emt 0:00:00]} f5 {[%emt 0:00:05]} 2. Nf3 {[%emt 0:00:41]} Nf6 {[%emt 0:00:08]} 3. c4 {[%emt 0:00:16]} d6 {[%emt 0:00:36]} 4. g3 {[%emt 0:00:13]} g6 {[%emt 0:00:06]} 5. Bg2 {[%emt 0:00:06]} Bg7 {[%emt 0:00:04]} 6. O-O {[%emt 0:00:08]} O-O {[%emt 0:00:03]} 7. Nc3 {[%emt 0:00:29]} Nc6 {[%emt 0:01:52]} 8. d5 {[%emt 0:07:14]} Ne5 {[%emt 0:02:04]} 9. Nxe5 {[%emt 0:08:00]} dxe5 {[%emt 0:00:11]} 10. e4 {[%emt 0:02:32]} f4 {[%emt 0:00:29]} 11. gxf4 {[%emt 0:01:32]} exf4 {[%emt 0:00:05]} 12. Bxf4 {[%emt 0:09:08]} Nxe4 {[%emt 0:00:15]} 13. Bg3 {[%emt 0:00:46]} Nxg3 {[%emt 0:03:49]} 14. hxg3 {[%emt 0:00:56]} e6 {[%emt 0:03:07]} 15. Qb3 {[%emt 0:01:45]} exd5 {[%emt 0:00:20]} 16. cxd5 {[%emt 0:00:46]} Kh8 {[%emt 0:00:19]} 17. Rac1 {[%emt 0:00:23]} a6 {[%emt 0:07:16]} 18. Ne4 {[%emt 0:00:52]} b6 {[%emt 0:12:11]} 19. Rfd1 {[%emt 0:17:22]} Bg4 {[%emt 0:00:50]} 20. Rd2 {[%emt 0:00:15]} Ra7 {[%emt 0:07:42]} 21. a4 {[%emt 0:01:07]} a5 {[%emt 0:01:16]} 22. f4 {[%emt 0:03:53]} Bf5 {[%emt 0:01:28]} 23. Rcd1 {[%emt 0:06:58]} Bg4 {[%emt 0:08:28]} 24. Bf3 {[%emt 0:00:23]} Bxf3 {[%emt 0:02:09]} 25. Qxf3 {[%emt 0:00:05]} Qe7 {[%emt 0:04:33]} 26. Kg2 {[%emt 0:02:34]} h6 {[%emt 0:00:08]} 27. Re2 {[%emt 0:06:28]} Qb4 {[%emt 0:01:16]} 28. b3 {[%emt 0:01:40]} Raa8 {[%emt 0:01:05]} 29. d6 {[%emt 0:01:56]} Rad8 {[%emt 0:04:37]} 30. d7 {[%emt 0:03:36]} Bd4 {[%emt 0:00:50]} 31. Qg4 {[%emt 0:02:09]} Kg7 {[%emt 0:00:10]} 32. Rc1 {[%emt 0:06:29]} Qxb3 {[%emt 0:03:51]} 33. Rc6 {[%emt 0:01:34]} Qf7 {[%emt 0:00:14]} 34. Rxc7 {[%emt 0:00:19]} Qd5 {[%emt 0:00:05]} 35. Qf3 {[%emt 0:06:08]} Rxd7 {[%emt 0:00:27]} 36. Rec2 {[%emt 0:02:05]} Rxc7 {[%emt 0:00:33]} 37. Rxc7+ {[%emt 0:00:04]} Rf7 {[%emt 0:00:05]} 38. Rxf7+ {[%emt 0:00:58]} Qxf7 {[%emt 0:00:06]} 39. Nd6 {[%emt 0:02:35]} Qe7 {[%emt 0:06:38]} 40. Nc4 {[%emt 0:00:00]} h5 {[%emt 0:00:00]} 41. Qd3 {[%emt 0:10:58]} Qc5 {[%emt 0:10:14]} 42. Kf1 {[%emt 0:02:16]} Kh6 {[%emt 0:00:55]} 43. Ke2 {[%emt 0:00:49]} Bf6 {[%emt 0:03:39]} 44. Nd2 {[%emt 0:02:07]} Qd4 {[%emt 0:06:50]} 45. Qxd4 {[%emt 0:04:58]} Bxd4 {[%emt 0:00:04]} 46. Kd3 {[%emt 0:00:03]} Bf2 {[%emt 0:00:44]} 47. Ne4 {[%emt 0:00:06]} Bg1 {[%emt 0:00:04]} 48. Kc4 {[%emt 0:00:53]} h4 {[%emt 0:04:24]} 49. gxh4 {[%emt 0:00:14]} Be3 {[%emt 0:01:25]} 50. Kb5 {[%emt 0:02:53]} Kh5 {[%emt 0:00:08]} 51. Nc3 {[%emt 0:01:32]} Bxf4 {[%emt 0:00:45]} 52. Nd5 {[%emt 0:00:13]} Bd2 {[%emt 0:03:36]} 53. Nxb6 {[%emt 0:00:14]} Kxh4 {[%emt 0:00:07]} 54. Nc4 {[%emt 0:00:08]} Bf4 {[%emt 0:11:51]} 55. Kxa5 {[%emt 0:00:33]} g5 {[%emt 0:00:04]} 56. Kb5 {[%emt 0:00:08]} g4 {[%emt 0:00:27]} 57. a5 {[%emt 0:00:07]} g3 {[%emt 0:00:23]} 58. a6 {[%emt 0:00:07]} Bb8 {[%emt 0:01:06]} 59. Ne3 {[%emt 0:03:37]} Kh3 {[%emt 0:07:50]} 60. Kb6 {[%emt 0:03:34]} Bf4 {[%emt 0:00:04]} 61. Nd5 {[%emt 0:00:06]} Be5 {[%emt 0:00:04]} 62. a7 {[%emt 0:00:59]} Bd4+ {[%emt 0:02:22]} 63. Kb7 {[%emt 0:00:01]} Bxa7 {[%emt 0:00:05]} 64. Kxa7 {[%emt 0:00:09]} g2 {[%emt 0:00:08]} 1/2-1/2

[Event "BLR-ch 1st Stage Men 2020"]
[Site "Minsk"]
[Date "2020.02.01"]
[Round "4.3"]
[White "Strybuk, Artsiom I"]
[Black "Teterev, Vitaly"]
[Result "1-0"]
[WhiteElo "2166"]
[BlackElo "2476"]
[Annotator "ChessBase"]
[PlyCount "75"]
[EventDate "2020.02.01"]
[EventType "swiss"]
[EventCountry "BLR"]
[SourceTitle "playchess.com"]
[Source "ChessBase"]
[SourceQuality "1"]
[TimeControl "40/5400+30:1800+30"]

1. d4 {[%emt 0:01:23]} Nf6 {[%emt 0:00:00]} 2. c4 {[%emt 0:00:48]} g6 {[%emt 0:00:00]} 3. g3 {[%emt 0:00:08]} Bg7 {[%emt 0:01:40]} 4. Bg2 {[%emt 0:00:07]} O-O {[%emt 0:00:09]} 5. Nc3 {[%emt 0:00:05]} d6 {[%emt 0:00:16]} 6. Nf3 {[%emt 0:00:05]} c6 {[%emt 0:00:12]} 7. O-O {[%emt 0:00:06]} Bf5 {[%emt 0:00:07]} 8. Ne1 {[%emt 0:00:05]} Be6 {[%emt 0:01:20]} 9. b3 {[%emt 0:01:11]} d5 {[%emt 0:00:17]} 10. cxd5 {[%emt 0:00:28]} cxd5 {[%emt 0:00:18]} 11. Nd3 {[%emt 0:10:56]} Nc6 {[%emt 0:01:00]} 12. e3 {[%emt 0:05:20]} Bf5 {[%emt 0:03:17]} 13. Bb2 {[%emt 0:01:57]} Rc8 {[%emt 0:02:05]} 14. Rc1 {[%emt 0:09:19]} Qd6 {[%emt 0:16:46]} 15. Qd2 {[%emt 0:04:54]} Rfd8 {[%emt 0:01:37]} 16. Rfd1 {[%emt 0:04:24]} e6 {[%emt 0:25:38]} 17. f3 {[%emt 0:20:10]} g5 {[%emt 0:05:21]} 18. Nf2 {[%emt 0:09:27]} Bg6 {[%emt 0:07:15]} 19. Ne2 {[%emt 0:02:10]} h6 {[%emt 0:06:08]} 20. e4 {[%emt 0:03:00]} Qe7 {[%emt 0:11:03]} 21. e5 {[%emt 0:03:02]} Nh7 {[%emt 0:03:27]} 22. Nc3 {[%emt 0:02:53]} Qb4 {[%emt 0:02:46]} 23. Na4 {[%emt 0:02:09]} Bf8 {[%emt 0:01:03]} 24. Qe3 {[%emt 0:08:05]} Qe7 {[%emt 0:01:46]} 25. Nc3 {[%emt 0:02:00]} Nb4 {[%emt 0:01:08]} 26. Qd2 {[%emt 0:01:38]} Nc6 {[%emt 0:02:39]} 27. Nb5 {[%emt 0:02:40]} Qd7 {[%emt 0:00:50]} 28. Ng4 {[%emt 0:01:25]} h5 {[%emt 0:02:14]} 29. Nf6+ {[%emt 0:01:27]} Nxf6 {[%emt 0:00:03]} 30. exf6 {[%emt 0:00:04]} Nb4 {[%emt 0:03:08]} 31. Bf1 {[%emt 0:01:05]} Nxa2 {[%emt 0:00:32]} 32. Rxc8 {[%emt 0:00:41]} Rxc8 {[%emt 0:00:06]} 33. Qxg5 {[%emt 0:00:12]} Nb4 {[%emt 0:01:10]} 34. Ba3 {[%emt 0:00:49]} a5 {[%emt 0:01:02]} 35. Bd3 {[%emt 0:01:42]} Kh7 {[%emt 0:00:20]} 36. Qxh5+ {[%emt 0:00:38]} Bh6 {[%emt 0:00:01]} 37. Bxb4 {[%emt 0:00:52]} Bxd3 {[%emt 0:00:51]} 38. Bd2 {[%emt 0:00:10]} 1-0

[Event "BLR-ch 1st Stage Men 2020"]
[Site "Minsk"]
[Date "2020.02.01"]
[Round "4.4"]
[White "Siniauski, Artsiom"]
[Black "Meribanov, Vitaly"]
[Result "1-0"]
[WhiteElo "2265"]
[BlackElo "2417"]
[Annotator "NA"]
[PlyCount "113"]
[EventDate "2020.02.01"]
[EventType "swiss"]
[EventCountry "BLR"]
[SourceTitle "playchess.com"]
[Source "ChessBase"]
[SourceQuality "1"]
[TimeControl "40/5400+30:1800+30"]

1. e4 {[%emt 0:00:00]} c5 {[%emt 0:00:00]} 2. Nf3 {[%emt 0:00:00]} g6 {[%emt 0:00:00]} 3. d4 {[%emt 0:01:25]} cxd4 {[%emt 0:00:31]} 4. Qxd4 {[%emt 0:00:26]} Nf6 {[%emt 0:00:08]} 5. Nc3 {[%emt 0:01:41]} Nc6 {[%emt 0:00:46]} 6. Qa4 {[%emt 0:00:31]} d6 {[%emt 0:02:42]} 7. e5 {[%emt 0:00:58]} dxe5 {[%emt 0:00:02]} 8. Nxe5 {[%emt 0:02:00]} Qd4 {[%emt 0:01:35]} 9. Nxc6 {[%emt 0:01:58]} Qxa4 {[%emt 0:00:04]} 10. Nxa4 {[%emt 0:00:07]} bxc6 {[%emt 0:00:01]} 11. Be3 {[%emt 0:01:51]} Bg7 {[%emt 0:00:30]} 12. O-O-O {[%emt 0:01:13]} O-O {[%emt 0:02:00]} 13. Bc4 {[%emt 0:01:13]} Nd5 {[%emt 0:24:00]} 14. Bc5 {[%emt 0:09:57]} Be6 {[%emt 0:00:27]} 15. Bb3 {[%emt 0:02:59]} Bf6 {[%emt 0:05:15]} 16. Bd4 {[%emt 0:08:18]} Bg5+ {[%emt 0:15:21]} 17. Kb1 {[%emt 0:00:57]} h5 {[%emt 0:01:54]} 18. h4 {[%emt 0:10:59]} Bh6 {[%emt 0:00:42]} 19. Rhe1 {[%emt 0:00:48]} Rfe8 {[%emt 0:02:23]} 20. c4 {[%emt 0:15:44]} Bf5+ {[%emt 0:17:43]} 21. Bc2 {[%emt 0:00:47]} Nf4 {[%emt 0:06:26]} 22. Be3 {[%emt 0:06:51]} Kg7 {[%emt 0:03:18]} 23. g3 {[%emt 0:01:21]} Ne6 {[%emt 0:02:01]} 24. Bxh6+ {[%emt 0:01:28]} Kxh6 {[%emt 0:00:01]} 25. Bxf5 {[%emt 0:00:28]} gxf5 {[%emt 0:00:02]} 26. Re5 {[%emt 0:00:12]} Kg6 {[%emt 0:01:10]} 27. Nc5 {[%emt 0:01:04]} Nf8 {[%emt 0:00:46]} 28. Nd3 {[%emt 0:01:40]} Ne6 {[%emt 0:00:09]} 29. Nc5 {[%emt 0:00:38]} Nf8 {[%emt 0:00:05]} 30. Nd3 {[%emt 0:05:27]} Ne6 {[%emt 0:00:02]} 31. Ra5 {[%emt 0:00:49]} Red8 {[%emt 0:03:05]} 32. Ne5+ {[%emt 0:01:11]} Kf6 {[%emt 0:00:01]} 33. Rxd8 {[%emt 0:00:35]} Nxd8 {[%emt 0:00:02]} 34. f4 {[%emt 0:01:18]} Ke6 {[%emt 0:00:04]} 35. Nf3 {[%emt 0:00:35]} Kf6 {[%emt 0:01:07]} 36. Nd4 {[%emt 0:01:49]} e6 {[%emt 0:00:06]} 37. Ra6 {[%emt 0:00:13]} c5 {[%emt 0:01:17]} 38. Nb5 {[%emt 0:00:23]} Nb7 {[%emt 0:00:33]} 39. Rxa7 {[%emt 0:00:34]} Rxa7 {[%emt 0:00:01]} 40. Nxa7 {[%emt 0:00:00]} Nd6 {[%emt 0:00:00]} 41. Nc6 {[%emt 0:02:58]} Nxc4 {[%emt 0:01:22]} 42. a4 {[%emt 0:03:47]} Kg7 {[%emt 0:00:21]} 43. a5 {[%emt 0:00:26]} Kf8 {[%emt 0:01:34]} 44. b3 {[%emt 0:01:03]} Na3+ {[%emt 0:00:36]} 45. Kb2 {[%emt 0:01:05]} Nb5 {[%emt 0:00:01]} 46. a6 {[%emt 0:00:10]} Nc7 {[%emt 0:01:48]} 47. a7 {[%emt 0:00:19]} Ke8 {[%emt 0:00:14]} 48. Kc3 {[%emt 0:00:16]} Kd7 {[%emt 0:02:00]} 49. Ne5+ {[%emt 0:00:25]} Kd6 {[%emt 0:02:05]} 50. Nxf7+ {[%emt 0:06:39]} Kd5 {[%emt 0:00:02]} 51. Kd3 {[%emt 0:00:22]} Na8 {[%emt 0:00:01]} 52. Ne5 {[%emt 0:00:17]} Nb6 {[%emt 0:00:03]} 53. Nd7 {[%emt 0:00:35]} Na8 {[%emt 0:00:02]} 54. Nf6+ {[%emt 0:00:20]} Kd6 {[%emt 0:00:01]} 55. Nxh5 {[%emt 0:00:18]} Ke7 {[%emt 0:00:06]} 56. Kc4 {[%emt 0:00:14]} Kf7 {[%emt 0:00:08]} 57. Kxc5 {[%emt 0:38:48]} 1-0